00565nam a22001577a 450000500170000001000150001702000260003203500140005803700090007208200080008110000340008924501390012326000520026227000710031430000220038520240718153201.0 aENG-140898 a9789388570008c750.00 aEN-124430 bDBAD a810 aDepartment of Crop Physiology aNational Seminar on Abiotiv Stress Management Challenges and Opportunities:bSouvenir and Abstracts/cBy Department of Crop Physiology aTamil NadubDepartment of Crop Physiologyc2011 aTamil Nadu Agricultural University, CoimbatorebTamil Nadue641003 a296p. c26cm.(Hb)